Adobe InDesign CS5 oficiální výukový kurz
Enregistré dans:
| Autres auteurs: | |
|---|---|
| Format: | Livre |
| Langue: | tchèque |
| Publié: |
Brno
Computer Press, a.s.
2011
|
| Sujets: | |
| Tags: |
Pas de tags, Soyez le premier à ajouter un tag!
|
MARC
| LEADER | 00000nam a2200000 4500 | ||
|---|---|---|---|
| 001 | 0147925 | ||
| 005 | 20240226134000.1 | ||
| 020 | |a 978-80-251-3226-5 | ||
| 041 | 0 | |a cze | |
| 044 | |a CZ | ||
| 245 | 1 | 0 | |a Adobe InDesign CS5 |b oficiální výukový kurz |c adobe creative team, preklad Jan Dvořák |
| 264 | 1 | |a Brno |b Computer Press, a.s. |c 2011 | |
| 300 | |a 424 s. |e CD-ROM | ||
| 610 | 2 | 0 | |a softvér |
| 610 | 2 | 0 | |a grafika počítačová |
| 610 | 2 | 0 | |a dizajn |
| 700 | 1 | |a Dvořák, Jan | |